000 00424nam a2200169Ia 4500
008 221030s9999 xx 000 0 und d
020 _a8121918847
041 _aEnglish
082 _a105.23
_bSax
100 _aH. C. Saxena
245 0 _aS. Chand`s Simplifed Course Differential Calculus
260 _bS. Chand & Co
_aNew Delhi
_c1999
300 _a320
650 _aBE Mathematics
700 _aH. K. Dass
942 _cBK
999 _c1881
_d1881